| 000 | 00864nam1a22002291i 4500 | ||
|---|---|---|---|
| 001 | rc\2845846 | ||
| 005 | 20240726082053.0 | ||
| 035 | _a(NLR Aleph) 007001682 | ||
| 090 |
_a5727289 _c5727289 |
||
| 100 | _a20110630d1932 |||y0rusy50 ca | ||
| 101 | 0 | _arus | |
| 102 | _aRU | ||
| 105 | _ay z ||||| | ||
| 200 | 1 |
_aОтветы на вопросы рабочих и колхозников _e[Вып. 1]- |
|
| 210 |
_a[Москва] _cМособлпартиздат _d1932 _gтип. изд-ва "Крестьян. газ." |
||
| 215 | _d22х14 см | ||
| 300 | _aНа обл. вып. 1-2 загл.: Отвечаем на вопросы рабочих и колхозников | ||
| 512 | 0 | 0 | _aОтвечаем на вопросы рабочих и колхозников |
| 801 | 0 |
_aRU _bNLR _gpsbo |
|
| 801 | 1 |
_aRU _bELAR _2rusmarc |
|
| 852 |
_aNLR _j33-17/238 |
||
| 942 | _cBOOK | ||